Loading...

Aromatic Plants, Horticulture science series Vol 1

Bibliographic Details
Main Authors: Ancy, Joseph, Gracy, Mathew, Joy, P P, Peter, K V, Ragina, Joseph, Samuel, Mathew, Skaria, Baby P
Format: Printed Book
Published: New Delhi, New India Publishing Agency 2007
Subjects:
LEADER 007500000a22002290004500
020 |a 818942245 6 
082 |a 635.7 SKA 
100 |a Ancy, Joseph  |9 144953 
100 |a Gracy, Mathew  |9 34500 
100 |a Joy, P P  |9 144954 
100 |a Peter, K V  |f Editor  |9 144955 
100 |a Ragina, Joseph  |9 144956 
100 |a Samuel, Mathew  |9 144957 
100 |a Skaria, Baby P  |9 66240 
245 |a Aromatic Plants, Horticulture science series Vol 1 
260 |a New Delhi, New India Publishing Agency 
260 |c 2007 
650 |a Aromatherapy  |9 144958 
650 |a Aromatic plants  |9 144959 
942 |c BK 
999 |c 179445  |d 179441 
952 |0 0  |1 0  |4 0  |6 635_700000000000000_SKA  |7 0  |9 177942  |a SES  |b SES  |d 2019-05-16  |l 0  |o 635.7 SKA  |p SES03058  |r 2019-05-16  |w 2019-05-16  |y BK